[Event "Speed Chess Championship 2020"]
[Site "Online"]
[Date "2020.12.09"]
[Round "3.1"]
[White "Nakamura, Hikaru"]
[Black "So, Wesley"]
[Result "1/2-1/2"]
[WhiteElo "2736"]
[BlackElo "2816"]
[Annotator "TA"]
[PlyCount "71"]
[EventDate "2020.10.31"]
[EventType "k.o."]
[EventCountry "NET"]
[SourceTitle "playchess.com"]
[Source "ChessBase"]
[SourceQuality "1"]

{[%evp 9,71,27,28,25,37,-16,0,-9,10,-27,-27,-24,0,0,0,0,10,6,6,0,7,5,36,0,10,13,25,21,36,5,43,7,18,18,38,27,36,35,33,35,37,3,2,2,3,2,2,2,31,-18,-17,-55,-61,-50,-57,-58,0,0,0,-65,0,0,0,-55]} 1. e4 e5 2. Bc4 Nf6 3. d3 c6 4. Nf3 Be7 (4... d5 5. Bb3 Bb4+ 6. Bd2 Bxd2+ 7. Nbxd2 a5 8. a3 Bg4 9. h3 Bxf3 10. Nxf3 a4 11. Ba2 dxe4 12. dxe4 Qa5+ 13. c3 O-O 14. O-O Nbd7 15. Re1 {1-0 (24) Nakamura,H (2745)-So,W (2767) chess.com INT 2020}) 5. Bb3 O-O 6. Nbd2 {C24: Bishop's Opening: 2...Nf6.} d6 7. Nf1 (7. c3 $14) 7... Nbd7 8. c3 d5 $5 {[%mdl 4] [#] Leaves trodden paths.} 9. Bc2 $146 ({Predecessor:} 9. Qe2 dxe4 10. dxe4 Qc7 11. Ng3 Nc5 12. Bc2 b6 13. Nf5 Ba6 14. c4 Ne6 15. O-O {½-½ (36) Hernandez,E (2283)-Argandona Riveiro,I (2400) San Sebastian 2007}) 9... dxe4 10. dxe4 Nc5 11. Qxd8 Rxd8 12. Ng3 Re8 13. O-O Bf8 14. b4 Ncd7 15. Bb3 g6 16. Be3 Ng4 17. Bd2 a5 18. a3 b5 19. Rfd1 h6 20. a4 (20. c4 {keeps more tension.} bxc4 21. Bxc4 axb4 22. axb4 Rb8 23. Rdb1) 20... axb4 21. cxb4 bxa4 22. Bxa4 {Black must now prevent h3.} Bb7 {[#]} 23. Bxh6 $1 {[%mdl 512]} Nxh6 (23... Bxh6 24. Rxd7) 24. Rxd7 Reb8 25. Nxe5 {With the idea h3.} Bg7 26. f4 {White wants to play Ra2.} Ng4 27. Ra2 ({Don't blunder} 27. Nxg4 $2 Bxa1 28. Bc2 Bc8 $17) 27... Bxe5 28. fxe5 {Threatening e6.} Nxe5 (28... Bc8 $5 {[%cal Rc8d7]} 29. Rd8+ Kg7 $11) 29. Rd1 Kg7 30. Bb3 Rxa2 31. Bxa2 Ba6 32. Rd4 Nd3 (32... Bd3 $15 33. Kf2 Ra8) 33. Rd7 $11 Ne5 (33... Rb7 $11 34. Rxb7 Bxb7) 34. Rd4 $1 $15 Nd3 (34... Bd3 $15 35. Bb3 Ra8) 35. Rd7 $11 Ne5 ({Better is} 35... Rb7 $11 36. Rxb7 Bxb7) 36. Rd4 $1 {Weighted Error Value: White=0.13/Black=0.11} 1/2-1/2

[Event "Speed Chess Championship 2020"]
[Site "Online"]
[Date "2020.12.09"]
[Round "3.2"]
[White "So, Wesley"]
[Black "Nakamura, Hikaru"]
[Result "1/2-1/2"]
[WhiteElo "2816"]
[BlackElo "2736"]
[Annotator "TA"]
[PlyCount "71"]
[EventDate "2020.10.31"]
[EventType "k.o."]
[EventCountry "NET"]
[SourceTitle "playchess.com"]
[Source "ChessBase"]
[SourceQuality "1"]

{[%evp 11,71,0,12,0,0,0,0,0,8,0,11,7,0,0,0,0,8,12,45,43,39,-40,-31,-52,0,0,5,0,16,-1,0,-103,0,0,0,0,0,-1,0,0,0,0,0,0,0,0,0,0,0,0,0,0,0,0,0,0,0,0,0,0,0,0]} 1. e4 e5 2. Nf3 Nc6 3. Bb5 Nf6 4. d3 Bc5 5. O-O Nd4 6. Nxd4 Bxd4 7. c3 {C65: Ruy Lopez: Berlin Defence (3...Nf6), unusual lines and 4 0-0 Bc5.} Bb6 8. Na3 {8.Ba4 is becoming the main line.} c6 9. Ba4 d6 10. Bb3 h6 11. Nc4 Bc7 12. Qe2 {[#]} O-O $146 ({Predecessor:} 12... Be6 13. f4 b5 14. Ne3 exf4 15. Rxf4 O-O 16. Nf5 d5 17. e5 Nd7 18. d4 f6 {1-0 (31) So,W (2765)-Eljanov,P (2680) chess.com INT 2019}) 13. f4 exf4 14. Bxf4 d5 15. Bxc7 Qxc7 16. Ne3 (16. exd5 $14 cxd5 17. Qe5 Qxe5 18. Nxe5) 16... dxe4 $15 17. d4 Qe7 (17... Qd6 $1 $15) 18. Rf4 $11 a5 19. a4 c5 20. Raf1 cxd4 21. cxd4 (21. Rxf6 $1 $11 gxf6 22. Qh5) 21... Ra6 ({Better is} 21... Qd8 $17 22. Qd2 Ra6) 22. Nd5 {The position is equal.} Nxd5 23. Bxd5 {[#] aiming for Rxf7.} Be6 24. Rxe4 Qd7 (24... Rd8 {is interesting.} 25. Rf5 Rad6 26. Bxe6 Rxe6 27. Rxe6 fxe6 28. Rf4 Rd6) 25. Bxe6 $1 Rxe6 26. Rxe6 fxe6 27. Rxf8+ Kxf8 {[%mdl 4096] Endgame KQ-KQ} 28. Qc4 b6 29. b3 Qd6 30. Qc8+ Kf7 31. Qb7+ Kf8 32. Qc8+ Kf7 33. Qb7+ Kf8 34. Qf3+ Kg8 35. Qa8+ Kf7 36. Qb7+ {Weighted Error Value: White=0.11/Black=0.12} 1/2-1/2

[Event "Speed Chess Championship 2020"]
[Site "Online"]
[Date "2020.12.12"]
[Round "3.2"]
[White "Vachier-Lagrave, Maxime"]
[Black "Carlsen, Magnus"]
[Result "0-1"]
[WhiteElo "2784"]
[BlackElo "2862"]
[Annotator "TA"]
[PlyCount "84"]
[EventDate "2020.10.31"]
[EventType "k.o."]
[EventCountry "NET"]
[SourceTitle "playchess.com"]
[Source "ChessBase"]
[SourceQuality "1"]

{[%evp 16,84,4,2,22,10,14,6,26,20,21,21,20,22,23,-5,0,0,0,0,0,0,0,0,0,-21,-20,-19,-7,-13,-30,-37,0,-30,0,-54,8,22,39,-39,0,0,0,0,0,-7,0,-64,-67,-270,-260,-299,-316,-500,-491,-484,-459,-531,-434,-1377,-1350,-29983,-29984,-29984,-29985,-29989,-29990,-29992,-29991,-29996,-29997]} 1. e4 e5 2. Nf3 Nc6 3. Bb5 a6 4. Ba4 Nf6 5. O-O Be7 6. d3 b5 7. Bb3 d6 8. a3 O-O 9. Nc3 Nb8 {[%cal Bc6b8,Bb8d7,Bd7c5][%mdl 32] 9...Na5 is becoming the main line. C77: Ruy Lopez: 3...a6 4 Ba4 Nf6, unusual lines.} 10. Bd2 $5 {[%mdl 4] Leaves trodden paths.} Nbd7 11. a4 Rb8 {The position is equal.} 12. axb5 axb5 {[#]} 13. Ne2 $146 ({Predecessor:} 13. Ba2 c6 14. Ne2 d5 15. Ng3 Bc5 16. exd5 cxd5 17. d4 exd4 18. b4 Bd6 19. Nf5 {1-0 (55) Bacrot,E (2715)-Wojtaszek,R (2745) Linares 2017}) 13... Nc5 14. Ba2 b4 15. Bc4 c6 16. Be3 d5 17. Nxe5 dxc4 18. Nxc6 Qc7 19. Nxb8 Qxb8 20. Bxc5 Bxc5 21. d4 Rd8 22. f3 Bd6 23. g3 h5 {[%mdl 1024] Black has compensation.} 24. c3 {[#]} h4 $1 {[%mdl 512]} 25. Kg2 ({Better is} 25. Qd2 $11) (25. gxh4 Bxh2+) 25... Nh5 (25... Qb7 $15 26. Qc2 b3) 26. Ra5 $11 g6 {[%cal Rh4g3]} 27. Qe1 (27. Qd2 $14) 27... bxc3 28. bxc3 Qb2 29. Rf2 Bd7 30. g4 h3+ 31. Kg1 (31. Kxh3 $11 Qb6 32. Ra2) 31... Qb6 $15 32. Rxh5 $2 {White does not recover from this.} (32. Qa1 $15 Nf4 33. Ra6) 32... gxh5 $19 33. e5 Be7 ({Stronger than} 33... hxg4 34. exd6 Qxd6 35. Ng3 $11) 34. Nf4 (34. gxh5 {was worth a try.} Qh6 35. Rf1) 34... Bh4 35. Nxh5 Rb8 ({Weaker is} 35... Bxf2+ 36. Kxf2 Qb2+ 37. Kg3 $19) 36. Ng3 Bc6 37. Qe3 (37. e6 $142 Qb1 38. Rf1) 37... Qb1+ 38. Rf1 Qc2 {[%csl Gh3][%cal Rc2g2] Black mates.} 39. Qe2 Qxc3 40. Nf5 Rb2 41. Qd1 Rd2 42. Qa1 {[#]} Bf2+ $1 {[%mdl 576] Back Rank.  Weighted Error Value: White=0.55/Black=0.14} 0-1

[Event "Speed Chess Championship 2020"]
[Site "Online"]
[Date "2020.12.12"]
[Round "3.3"]
[White "Carlsen, Magnus"]
[Black "Vachier-Lagrave, Maxime"]
[Result "0-1"]
[WhiteElo "2862"]
[BlackElo "2784"]
[Annotator "TA"]
[PlyCount "58"]
[EventDate "2020.10.31"]
[EventType "k.o."]
[EventCountry "NET"]
[SourceTitle "playchess.com"]
[Source "ChessBase"]
[SourceQuality "1"]

{[%evp 10,58,26,-5,5,16,8,-4,5,8,28,17,91,102,195,187,192,188,225,64,70,67,66,66,78,0,0,0,-8,-20,-12,-18,17,12,73,62,410,359,500,275,272,195,194,25,214,208,205,125,218,22,41]} 1. d4 Nf6 2. c4 g6 3. Nc3 d5 4. Nf3 Bg7 5. cxd5 Nxd5 6. Qa4+ Bd7 {D90: Grünfeld: 4 Nf3 Bg7 sidelines.} 7. Qa3 Bc6 {[#]} 8. h4 $146 ({Predecessor:} 8. e3 O-O 9. Be2 Nd7 10. O-O e5 11. Nxd5 Bxd5 12. dxe5 c6 13. Rd1 Qc7 14. e4 Bxe4 {½-½ (119) Greenfeld,A (2509)-Gupta,A (2619) Mansa 2017}) 8... a5 9. h5 Na6 {White should prevent ...Ndb4.} 10. Qb3 Qd6 (10... Qd7 $11 {keeps the balance.}) 11. h6 $16 Bf6 (11... Bf8 $16 {keeps fighting.}) 12. e4 $18 a4 13. Qc2 $1 ({Inferior is} 13. Nxa4 Qb4+ 14. Bd2 Bxa4 $15) 13... Nxc3 14. bxc3 $2 (14. e5 $1 $18 {[%cal Re5d6]} Qe6 15. Qxc3 (15. bxc3 O-O $16)) 14... e5 $14 {[%cal Re5d4]} 15. Bxa6 Rxa6 16. O-O O-O {[%cal Re5d4]} 17. Rd1 (17. Rb1 $16) 17... exd4 $11 18. cxd4 {aiming for e5.} Qe7 $1 19. Re1 Re8 $1 {[%cal Rc6e4]} 20. Ne5 Bb5 21. Bf4 c5 (21... Re6 $11) 22. Rab1 $36 {[%mdl 2048] Black is under pressure.} Ra5 $2 {[%mdl 8192]} (22... Bxe5 $14 23. dxe5 (23. Bxe5 Bc6 $14) 23... Bc6) 23. Bd2 $18 cxd4 24. Bxa5 Qxe5 25. Bc7 Qg5 {[#]} 26. Qc1 $2 (26. Bf4 $1 $18 {[%cal Rf4g5][%mdl 512]} Qxf4 27. Rxb5) 26... Ba6 $2 (26... Bc6 $11) 27. Bf4 $1 {[%cal Rf4g5]} Qg4 28. e5 Be7 {[#]} (28... Bd8 $16 29. f3 Qe6) 29. Bg3 $2 (29. e6 $1 $18 {[%cal Re6f7][%mdl 512] And now exf7+ would win.} fxe6 30. Qc7) 29... Qe6 {[%mdl 32768] Weighted Error Value: White=0.42/Black=0.63. Loss on time!?} 0-1

[Event "Speed Chess Championship 2020"]
[Site "Online"]
[Date "2020.12.09"]
[Round "3.3"]
[White "Nakamura, Hikaru"]
[Black "So, Wesley"]
[Result "0-1"]
[WhiteElo "2736"]
[BlackElo "2816"]
[Annotator "TA"]
[PlyCount "82"]
[EventDate "2020.10.31"]
[EventType "k.o."]
[EventCountry "NET"]
[SourceTitle "playchess.com"]
[Source "ChessBase"]
[SourceQuality "1"]

{[%evp 11,82,8,12,10,17,7,14,6,9,-2,0,0,17,-21,-7,-29,-21,-31,-11,-39,-3,-6,3,-12,23,-35,-27,-27,-22,-31,0,-13,-13,-47,-39,-60,-68,-54,0,-58,-69,-70,-39,-54,-32,-60,-31,-68,-19,-81,-74,-74,-72,-146,-146,-144,-154,-161,-153,-414,-210,-414,-400,-458,-455,-925,-905,-907,-905,-895,-889,-889,-854]} 1. e4 e5 2. Nf3 Nc6 3. Bb5 Nf6 4. d3 Bc5 5. O-O Nd4 6. Nxd4 (6. Be3 Nxf3+ 7. Qxf3 Bxe3 8. Qxe3 O-O 9. d4 d6 10. Be2 c6 11. dxe5 dxe5 12. Nd2 Be6 13. a4 Qb6 14. Qxb6 axb6 15. Rfd1 Rfd8 16. b3 Kf8 17. Rac1 Ke7 18. f3 {½-½ (59) Nakamura,H (2761)-So,W (2754) Abidjan 2019}) 6... Bxd4 7. c3 {C65: Ruy Lopez: Berlin Defence (3...Nf6), unusual lines and 4 0-0 Bc5.} Bb6 8. Na3 {8.Ba4 is setting a new trend.} c6 9. Ba4 {The position is equal.} d6 10. Bb3 a5 $5 {[%cal Ba7a5,Ba5a4][%mdl 4] A promising side line.} 11. Nc4 Bc7 {[#]} 12. Ne3 $146 ({Predecessor:} 12. a4 Be6 13. f4 exf4 14. Bxf4 d5 15. Bxc7 Qxc7 16. exd5 Nxd5 17. d4 O-O 18. Qf3 {1-0 (54) Le,Q (2706)-Leko,P (2702) Hengshui 2019}) 12... O-O 13. Qf3 a4 14. Bc2 d5 15. Nf5 Bxf5 16. Qxf5 Qd7 17. Qf3 Qg4 18. Qe3 ({Better is} 18. Qxg4 $11 Nxg4 19. exd5) 18... Rfd8 19. h3 Qe6 20. Qg3 Rd7 21. Re1 b5 22. Bg5 h6 23. Be3 d4 24. Bd2 Kh8 (24... dxc3 $15 25. bxc3 Rad8) 25. a3 (25. cxd4 $11 Rxd4 26. Red1) 25... Ba5 26. Red1 Bb6 27. Qf3 Rd6 28. Qe2 dxc3 29. Bxc3 Rad8 30. Kh1 (30. Bb4 $11) 30... Bd4 $17 31. Rf1 Nd7 32. f4 {[#]} (32. Ba5 $142 Ra8 33. Bc3) 32... exf4 $1 33. Rxf4 Ne5 34. Rd1 f6 35. Bb1 $2 {This costs White the game.} (35. Rff1 $17) 35... c5 (35... Bxc3 $142 36. bxc3 Qb3 {[%mdl 64] Double Attack}) 36. Rc1 $2 (36. Ba5 {keeps fighting.} Ra8 37. Bc3) 36... Bxc3 $19 37. Rxc3 c4 {[%cal Rc4d3] Black is clearly winning.} 38. dxc4 (38. d4 $142 Rxd4 39. Bc2) 38... Rd2 39. Qh5 Rd1+ {[%mdl 64] [#] Double Attack} 40. Kh2 Rxb1 41. cxb5 Rxb2 {Weighted Error Value: White=0.44/Black=0.19} 0-1

[Event "Speed Chess Championship 2020"]
[Site "Online"]
[Date "2020.12.09"]
[Round "3.4"]
[White "So, Wesley"]
[Black "Nakamura, Hikaru"]
[Result "1-0"]
[WhiteElo "2816"]
[BlackElo "2736"]
[Annotator "TA"]
[PlyCount "68"]
[EventDate "2020.10.31"]
[EventType "k.o."]
[EventCountry "NET"]
[SourceTitle "playchess.com"]
[Source "ChessBase"]
[SourceQuality "1"]

{[%evp 13,68,0,0,-1,52,47,49,39,43,21,39,43,52,4,0,0,0,0,16,27,7,0,0,0,0,0,43,25,19,18,41,47,65,53,73,0,0,0,0,0,0,0,42,0,70,0,0,0,0,0,297,297,355,343,29991,29990,29998]} 1. e4 c5 2. Nf3 d6 3. d4 cxd4 4. Nxd4 Nf6 5. Nc3 a6 6. Rg1 e5 7. Nb3 Be6 8. g4 {B90: Sicilian Najdorf: Unusual White 6th moves, 6 Be3 Ng4 and 6 Be3 e5.} Nc6 (8... h6 $11) 9. g5 $14 Nd7 10. h4 {[#] White is slightly better.} Rc8 $146 ({Predecessor:} 10... Nb6 11. Be3 Qc7 12. a4 Nb4 13. a5 Nd7 14. Ra4 d5 15. exd5 Bf5 16. Bd3 Bxd3 17. cxd3 {0-1 (38) Deligiannis,C (1714)-Tsarsitalidis,K (2094) Trikala 2020}) 11. h5 Be7 12. Be3 Na5 13. g6 fxg6 14. hxg6 h6 15. Nd5 Nxb3 16. axb3 Nf6 17. Bc4 Nxd5 18. Bxd5 Qd7 19. c3 O-O 20. Qg4 Rf6 21. O-O-O Rd8 22. Qh5 Bxd5 23. Rxd5 Rdf8 24. Bxh6 (24. Rd3 $16 {aiming for Bxh6!} Rd8 25. Rdd1) 24... gxh6 $11 25. Qxh6 $40 {[%csl Gg6][%cal Rh6h7][%mdl 128] White is up to no good.} Bd8 26. Rd3 (26. Rh1 $2 Qg7 $19) 26... Qg7 27. Qh3 Bb6 28. Rg2 d5 ({Reject} 28... Bxf2 $6 29. Rxf2 $1 {[%mdl 512]} Rxg6 30. Rxf8+ Qxf8 31. Rd2 $16) (28... Rxg6 $2 29. Rxg6 Qxg6 30. Rg3 $1 $18 {[%mdl 512]}) (28... Re8 $1 $11) 29. exd5 ({White should play} 29. Qg4 $1 $14) 29... e4 (29... Bxf2 $2 30. Rxf2 $1 {[%mdl 512]} Rxg6 31. Rxf8+ Qxf8 32. d6 $1 $18 {[%mdl 512]}) ({But not} 29... Rxg6 $2 30. Rxg6 Qxg6 31. Rg3 $1 $18 {[%mdl 512]}) 30. Rdg3 {Black should prevent Qg4.} Re8 $1 ({Don't go for} 30... Bxf2 $2 {[#]} 31. Rxf2 $1 {[%mdl 512]} b5 32. d6 $1 $18 {[%mdl 512]}) 31. Kb1 Bxf2 $2 {[%mdl 8192] [#]} (31... Rxf2 $11 {and Black is okay.} 32. Qh7+ Qxh7 33. gxh7+ Kh8 34. Rg8+ Kxh7 35. R2g7+ Kh6 36. Rg6+ Kh5 37. Rg5+ Kh4 38. Rg4+ Kh3 39. Rxe8 Kxg4 40. Rxe4+ Kf5) 32. Qh7+ $1 $18 {[%mdl 512]} Kf8 (32... Qxh7 33. gxh7+) 33. Rh3 {Hoping for Qh8+.} Qg8 $2 (33... Qxh7 $18 34. gxh7 Kf7) 34. Qxb7 Qxg6 {Weighted Error Value: White=0.12/Black=0.53} 1-0

[Event "Speed Chess Championship 2020"]
[Site "Online"]
[Date "2020.12.12"]
[Round "3.5"]
[White "Carlsen, Magnus"]
[Black "Vachier-Lagrave, Maxime"]
[Result "1/2-1/2"]
[WhiteElo "2862"]
[BlackElo "2784"]
[Annotator "TA"]
[PlyCount "102"]
[EventDate "2020.10.31"]
[EventType "k.o."]
[EventCountry "NET"]
[SourceTitle "playchess.com"]
[Source "ChessBase"]
[SourceQuality "1"]

{[%evp 14,102,8,0,10,0,0,0,0,0,0,-14,-9,-12,0,-20,-16,-17,-4,-40,0,1,0,0,75,70,103,81,112,84,159,146,160,156,287,291,277,270,633,266,262,245,239,212,369,345,397,177,175,68,68,68,74,62,62,62,62,66,61,61,61,61,68,62,62,62,62,62,62,62,83,61,71,73,74,61,61,26,26,25,25,25,25,25,25,25,62,62,62,62,62]} 1. e4 c5 2. Nf3 d6 3. Bc4 Nf6 4. d3 g6 5. h3 Bg7 6. O-O O-O 7. Bb3 Nc6 8. c3 e5 {was the old line (8...b5). B50: Sicilian: 2...d6, Miscellaneous.} 9. Bg5 h6 10. Bxf6 Qxf6 {The position is equal.} 11. Nbd2 Kh7 {[#]} 12. Nc4 $5 $146 {[%mdl 8] New and interesting.} ({Predecessor:} 12. a3 Qd8 13. Ba2 f5 14. b4 g5 15. exf5 Bxf5 16. bxc5 d5 17. Ne1 e4 18. Rb1 exd3 19. Rxb7 {1-0 (61) Hossain,E (2480)-Zhigalko,A (2582) Istanbul 2012}) 12... Qd8 13. a4 f5 14. Ne3 f4 15. Nd5 g5 16. Nh2 Ne7 17. Nxe7 Qxe7 18. a5 g4 (18... Kg6 $11 {keeps the balance.}) 19. hxg4 $16 (19. Nxg4 f3 $11) 19... f3 20. gxf3 ({Stronger than} 20. Nxf3 Bxg4 21. Re1 h5 $17) 20... h5 21. Kg2 ({Not} 21. gxh5 Rf4 $15) 21... hxg4 (21... Bh6 $142) 22. Nxg4 {Strongly threatening Rh1+.} Bxg4 23. fxg4 {aiming for Rh1+.} Rf4 (23... Rh8 $16 24. Rh1+ Kg6) 24. Rh1+ Kg6 25. Qe2 Bf6 $2 {[#]} (25... Raf8 26. Raf1 Rh8 27. Rxh8 Bxh8) 26. Rh5 (26. g5 $142 $1 Bxg5 27. Qh5+ Kf6 28. Rag1) 26... Bg5 $18 27. Rah1 Raf8 28. Rh8 Qd7 $2 (28... Qe8 29. Rxf8 Rxf8) 29. f3 Qg7 30. Rxf8 (30. R8h3 $142) 30... Rxf8 {[#]} 31. Be6 ({Better is} 31. d4 $1 $18) 31... Rh8 $14 32. Bf5+ Kf6 33. Qd1 {Black must now prevent Qb3.} Rxh1 34. Qxh1 Qh6 35. Qxh6+ Bxh6 {[%mdl 4096] Endgame KB-KB} 36. Bc8 b6 37. a6 Bc1 38. b4 cxb4 39. cxb4 b5 $1 40. Bd7 Bd2 41. Bxb5 Bxb4 42. Kf2 Ba5 43. Ke2 Kg5 44. Kd1 Kf4 45. Kc2 Bd8 46. Bd7 Kxf3 47. Kc3 Kf4 48. Kc4 Bb6 49. Kd5 Kg5 50. Kxd6 Bd4 51. Bf5 Kf6 {Black defended with fortune.  Weighted Error Value: White=0.26/Black=0.28} 1/2-1/2

[Event "Speed Chess Championship 2020"]
[Site "Online"]
[Date "2020.12.09"]
[Round "3.6"]
[White "So, Wesley"]
[Black "Nakamura, Hikaru"]
[Result "1/2-1/2"]
[WhiteElo "2816"]
[BlackElo "2736"]
[Annotator "TA"]
[PlyCount "74"]
[EventDate "2020.10.31"]
[EventType "k.o."]
[EventCountry "NET"]
[SourceTitle "playchess.com"]
[Source "ChessBase"]
[SourceQuality "1"]

{[%evp 14,74,30,33,41,40,62,24,39,29,28,22,27,27,28,22,22,27,25,26,23,23,28,28,30,31,37,36,43,11,18,0,0,-7,0,0,0,0,0,0,0,0,5,4,7,0,12,9,26,6,20,0,12,12,23,22,24,24,50,22,50,50,50]} 1. e4 e5 2. Nf3 Nc6 3. Bb5 d6 4. d4 Bd7 5. O-O Nf6 6. Nc3 Be7 7. Bxc6 Bxc6 8. Qd3 Nd7 {C66: Ruy Lopez: Steinitz Defence.} 9. Be3 {[#] Strongly threatening d5.} b6 10. Rad1 {[#]} (10. Qc4 $5 {[%cal Rc4c6]} Bb7 11. dxe5 $14) 10... Qc8 $146 {White has an edge.} ({Predecessor:} 10... exd4 11. Nxd4 Bb7 12. Nf5 Bf6 13. f4 Bxc3 14. Qxc3 Bxe4 15. Nxg7+ Kf8 16. Ne6+ fxe6 17. Qxh8+ {1-0 (40) Grinberg,N-Campora,D Groningen 1977}) 11. Qc4 Bb7 $1 12. dxe5 {Threatens to win with Nb5.} Ba6 13. Nb5 c6 14. Nc7+ Qxc7 15. Qxa6 {Black must now prevent exd6.} dxe5 16. Rd3 O-O 17. Rfd1 Rfd8 18. Qc4 Nf8 19. Qc3 Ng6 20. g3 Rxd3 21. cxd3 Qd7 22. Kg2 c5 23. Rd2 f6 24. a3 Qb5 (24... Kh8 {keeps more tension.} 25. Qc4 Rc8 26. Rc2 Rd8 27. Rd2 Nf8) 25. Qc4+ Qxc4 26. dxc4 Kf7 27. Ng1 Rd8 28. Ne2 Rxd2 29. Bxd2 $11 {[%mdl 4096] Endgame KBN-KBN} Ke6 30. Nc3 Nh8 31. Nb5 Nf7 32. Kf3 Nd6 33. Nxd6 Bxd6 34. g4 g5 35. h3 Kd7 36. b3 Kc6 37. a4 a5 {Weighted Error Value: White=0.06/Black=0.06} 1/2-1/2

[Event "Speed Chess Championship 2020"]
[Site "Online"]
[Date "2020.12.12"]
[Round "3.6"]
[White "Vachier-Lagrave, Maxime"]
[Black "Carlsen, Magnus"]
[Result "1-0"]
[WhiteElo "2784"]
[BlackElo "2862"]
[Annotator "TA"]
[PlyCount "85"]
[EventDate "2020.10.31"]
[EventType "k.o."]
[EventCountry "NET"]
[SourceTitle "playchess.com"]
[Source "ChessBase"]
[SourceQuality "1"]

{[%evp 9,85,14,17,17,16,17,16,20,16,12,13,-16,0,-6,-10,-11,-18,-6,0,0,14,0,55,32,28,42,63,49,39,20,70,70,72,70,86,47,46,49,69,69,70,26,45,32,40,27,56,0,56,51,68,72,58,60,124,117,122,89,185,185,185,178,186,178,250,244,244,234,289,267,283,255,29983,29984,29984,29984,29984,29983]} 1. e4 c6 2. Nf3 d5 3. d3 Qc7 4. Nc3 dxe4 5. Nxe4 Bg4 6. h3 {B10: Caro-Kann: 2 d3 and 2 c4.} Bh5 7. Be2 Nd7 {[#]} 8. O-O $146 {The position is equal.} ({Predecessor:} 8. Be3 Ngf6 9. Nfd2 Bxe2 10. Qxe2 Nd5 11. Nc4 e6 12. Bd2 Be7 13. Qg4 {0-1 (48) Kelebek,E (1907)-Acar,C (1676) Konya 2017}) 8... Ngf6 9. Be3 e6 10. Qd2 Nd5 11. Rae1 Nxe3 12. Qxe3 Be7 13. d4 O-O-O 14. c3 Kb8 15. b4 Nf6 (15... Bxf3 $11 16. Bxf3 (16. Qxf3 Rhf8 $11) 16... Nb6) 16. Ne5 $14 {[#] aiming for Bxh5.} Bg6 17. Nc5 Nd5 18. Qf3 Bd6 19. Bc4 Bxe5 20. Rxe5 Nb6 21. Bb3 Nd7 22. Re2 Nxc5 23. bxc5 Rhe8 24. Rfe1 Re7 25. Bc2 Bxc2 26. Rxc2 e5 27. Rce2 {[%cal Re2e5]} Rde8 28. Qe4 (28. Qh5 $14) 28... g6 (28... a6 $11) 29. dxe5 Rd8 30. Qh4 h5 31. e6 Rxe6 (31... a6 $14) 32. Rxe6 $16 fxe6 $14 {[%mdl 4096] Endgame KQR-KQR} 33. Qf6 a6 (33... Qa5 $16 {was worth a try.}) 34. Qxg6 $18 Rd5 35. Qxe6 Rxc5 36. Qf6 {Hoping for Qf8+.} Ra5 {[#]} (36... Qa5 $142 37. Re8+ Ka7) 37. Qd4 $1 {Re8+ would kill now.} c5 38. Qd5 c4 39. Qd4 {White wants to mate with Re8+.} Qc5 {intending ...Qxd4.} 40. Re8+ Kc7 $2 (40... Ka7 $18) 41. Qd8+ {White mates.} Kc6 42. Re6+ Kb5 43. Qd7+ {Weighted Error Value: White=0.08/Black=0.33} 1-0